| 000 | 00987nam a22002417a 4500 | ||
|---|---|---|---|
| 005 | 20250123103518.0 | ||
| 008 | 241113b ||||| |||| 00| 0 eng d | ||
| 020 | _a9788196434663 | ||
| 040 | _cAL | ||
| 041 | _aKannada | ||
| 082 |
_223 _a920K _bRAON |
||
| 100 |
_aPremi M Rao and others _9194752 |
||
| 100 |
_a ಪ್ರೇಮಿ ಎಂ ರಾವ್ _9194753 |
||
| 245 |
_aNeevu Kandariyada Kudmul Ranga Rao _bನೀವು ಕಂಡರಿಯದ ಕುದ್ಮುಲ್ ರಂಗರಾವ್ |
||
| 260 |
_aBengaluru ಬೆಂಗಳೂರು _bBahuroopi ಬಹುರೂಪಿ _c2024 |
||
| 300 |
_a144 p. _bPB _c22x14 cm. |
||
| 365 |
_aBLCR-045 _b₹144.00 _c₹ _d₹180.00 _e20% _f11-11-2024 |
||
| 650 |
_aBiography _9185291 |
||
| 650 |
_aAn insight into the life of Kudmul Ranga Rao _9185292 |
||
| 700 |
_aPANDURANGA RAO (G) ಪಾಂಡುರಂಗ ರಾವ್ (ಜಿ ) _9185294 |
||
| 700 |
_aVIVEKA RAI (B A) tr ವಿವೇಕ ರೈ (ಬಿ ಎ ) _9185295 |
||
| 942 |
_2ddc _cBK |
||
| 999 |
_c231912 _d231912 |
||